| 000 | 01168nam a2200253Ia 4500 | ||
|---|---|---|---|
| 999 |
_c52900 _d52900 |
||
| 001 | 19930 | ||
| 003 | GE_BSU | ||
| 005 | 20200512225223.0 | ||
| 008 | 181216s1969||||ge |||||||||||||| ||geo|| | ||
| 040 | _cGE_BSU | ||
| 041 | _ageo | ||
| 080 | _a811.353.1'367.634 ძ-63 | ||
| 100 |
_aძიძიგური, შოთა _98040 |
||
| 245 |
_aკავშირები ქართულ ენაში / _c შოთა ძიძიგური ; რედ. ი. იმნაიშვილი. |
||
| 264 |
_aთბილისი : _bთბილ. უნ-ტის გამ-ბა, _c1969. |
||
| 300 |
_a570 გვ. : _bტბლ. და ცხრილ. ; _c22 სმ. |
||
| 504 | _aბიბლიოგრაფია და პირთა საძიებელი : გვ. 559-568 | ||
| 520 | _aრეზუმე რუსულ ენაზე | ||
| 541 | _h4ლ. | ||
| 653 | _aკავშირები ქართულ ენაში | ||
| 700 |
_aიმნაიშვილი, ი. _eრედაქტორი _95492 |
||
| 710 |
_aახალი ქართული ენის კათედრა _98041 |
||
| 942 |
_cBK _2udc |
||